| 000 | 00974nam a22002537a 4500 | ||
|---|---|---|---|
| 999 |
_c12948 _d12948 |
||
| 003 | MIRAKIL | ||
| 005 | 20190314114749.0 | ||
| 008 | 190314b tu ||||| |||| 00| 0 tur d | ||
| 020 | _a9751908183 | ||
| 040 |
_aTR-AnCHP _cTR-AnCHP |
||
| 041 | _atur | ||
| 082 |
_a956.100491992 _bO7 1995 |
||
| 245 | 1 | 0 |
_aOsmanlı belgelerinde Ermeniler (1915-1920) / _chazırlayanlar: Ahmet Altıntaş ...[ve öte.] ; İngilizce tercüme: Necla İlemin ,Necla Büyükkırcalı |
| 260 |
_aAnkara : _bDevlet Arşivleri Genel Müdürlüğü, _c1995. |
||
| 300 |
_a627 s.: _c24 sm. |
||
| 490 | 0 |
_aDevlet Arşivleri Genel Müdürlüğü Osmanlı Arşivi Daire Başkanlığı ; _vyayın nu: 14 |
|
| 650 | 0 |
_9710 _aOsmanlı İmparatorluğu _xTarih _xErmeniler |
|
| 650 | 0 |
_95447 _aErmeni olayları _xTarih _xBelgeler |
|
| 700 |
_95450 _aAltıntaş, Ahmet _ehaz. |
||
| 700 |
_95451 _aİlemin, Necla _eçev. |
||
| 700 |
_95452 _aBüyükkırcalı, Necla _eçev. |
||
| 942 |
_2ddc _cBKS |
||
| 999 | _d12947 | ||